LEADER 01162nam a2200277 a 4500 001 000000143376 003 CaOOAMICUS 005 20150519102844.0 008 150519s1975 gw u000 u ger r 040 $aPUL$bita 100 1 $aRichter, Helmut.$0(OLS)http://pul/name/92152 245 10$aCluny :$bBeiträge zu Gestalt und Wirkung der cluniazensischen Reform /$cHrsg. v. Helmut Richter. 260 $aDarmstadt :$bWissenschaftliche Buchgesellschaft,$c1975. 300 $aXI, 414 p. ;$c20 cm. 490 1 $aWege der Forschung ;$v241 500 $aInclude indice. 504 $aInclude riferimenti bibliografici. 610 24$aBenedettini.$0(OLS)http://pul/subject/982 830 0$aWege der Forschung ;$v241.$0(OLS)http://pul/title/10007 850 $aPUL 852 $aPUL$W1$xDP1 Fondo Maccarrone$y58$m1527 F 36.241$j165514$qFondi$B165779$CPULBib$Z2$F165779 $82 941 1 $a1 960 $aOrdine dei Benedettini$9982 996 $6245$aCluny :$bBeiträge zu Gestalt und Wirkung der cluniazensischen Reform$9(OLS)http://pul/title/181418 996 $6260$aDarmstadt :$bWissenschaftliche Buchgesellschaft$9(OLS)http://pul/publisher/51457 LEADER 01486nam a2200277 a 4500 001 000000156047 003 CaOOAMICUS 005 20161109130102.0 008 161109s1996 it u000 u ita r 032 $aLibriCat 040 $aPUL$bita 100 1 $aVentura, Antonino.$0(OLS)http://pul/name/99457 245 10$aConoscenza scientifica e realtà :$bargomenti metateorici e implicazioni causali come contributo della scienza a una metafisica della trascendenza /$cAntonino Ventura. 260 $aRoma :$bPontificia Università S. Tommaso d'Aquino,$c1996. 300 $a291 p. ;$c24 cm. 500 $aIn testa al front.: Pontificia Studiorum Universitas a S. Thoma Aq. in Urbe. 502 $aTesi -- Pontificia Universitas S.Thomae in Urbe, Facultate Philosophiae, 1996. 504 $aBibliografia in nota. 650 4$aTrascendenza.$0(OLS)http://pul/subject/4811 710 2 $aPontificia Università S. Tommaso.$bFacoltà di filosofia.$kTesi.$0(OLS)http://pul/name/83008 850 $aPUL 852 $aPUL$W1$xDP1 Tesi Pon. Univ. S. Tommaso$y44$mTH S.THOM 974$j179221$qTesi$B182386$CPULBib$Z2$F182386 $H76324 $81 941 1 $a16 996 $6245$aConoscenza scientifica e realtà :$bargomenti metateorici e implicazioni causali come contributo della scienza a una metafisica della trascendenza$9(OLS)http://pul/title/195688 996 $6260$aRoma :$bPontificia Università S. Tommaso d'Aquino$9(OLS)http://pul/publisher/74417